Регионална библиотека "Любен Каравелов" - Русе

Языки Российской Федерации и соседних государств (Запис номер 36736)

MARC детайли
000 -Лидер
Контролно поле с фиксирана дължина 01518nam a2200373 c 4500
003 - Код на организацията, давaща контролен номер
Контролно поле BLK
005 - Дата и час на последна редакция
Контролно поле 20180420220932.0
008 - Елементи от данни с фиксирана дължина
fixed length control field 180408b bul|||||r ||||||| ||bul||
010 ## - Наследен системен номер
LC control number KNG00039843000
020 ## - Международен стандартен номер на книга ISBN
Международен стандартен номер на книга ISBN 5-02-011815-Х
-- издат.: Наука - на том (т. 1)
040 ## - Източник на каталожния запис
Идентификатор на билиотеката - собственик на записа BLK
041 ## - Код за език
Код за езика на текст/звукозапис или на отделно заглавие Руски
Код за езика КДБФ Руски
080 ## - УДК
Текстов определител УДК Общо езикознание и филология
УДК код - определител по УДК 81
УДК определител (47+57)(031)
УДК - код + определител 81(47+57)(031)
139 ## - Редно поле
Редна дума Языки Российской Федерации и соседних государств
Авторски знак Язон - Я 31
245 10 - Сведения за заглавието
Заглавие Языки Российской Федерации и соседних государств
Подзаглавни данни Энцикл. : В 3 т.
Том Т. 1
Заглавие на том А - И = A - I
246 11 - Различни форми на заглавието
Паралелно заглавие The Languages of Russia and Adjacent States : Encyclopaedia : 3 Vol.
257 ## - Страна на издаване
Страна на създаване/издаване Русия
260 ## - Област на издателските данни
-- Москва
Година на издаване 2000 -
300 ## - Физическа характеристика
Размери/Мащаб 24 см
380 ## - Жанр
Жанр Езикознание. Филология
500 ## - Общи забележки
Забележка Изд. на РАН. Инст. языкознания.
650 #4 - Допълнително описание по предмет – тема
Основно описание – тема или топоним Езици - народи на СССР
9 (RLIN) 275097
650 #4 - Допълнително описание по предмет – тема
Основно описание – тема или топоним Езици - произход и развитие
9 (RLIN) 275098
651 #4 - Допълнително описание по предмет - топоним
Географско понятие СССР
9 (RLIN) 179592
651 #4 - Допълнително описание по предмет - топоним
Географско понятие Русия
9 (RLIN) 179465
653 ## - Ключова дума – ненормативна
Ключова дума езици
653 ## - Ключова дума – ненормативна
Ключова дума енциклопедии
760 1# - Описание на основната серия
-- - на том (т. 1)
Място на издаване, издател и година Наука, 2000
Страници - том XV, 432 с.
Забележка - том Рез. на англ. яз. - Библиогр. с. VIII.
Заглавие Т. 1 А - И = A - I
852 ## - Местоположение
Форматна сигнатура Цб 206339
856 4# - Електронен адрес и достъп
Електронен формат pdf - файл
Път до файла /url/
856 4# - Електронен адрес и достъп
Електронен формат pdf - файл
Път до файла /url/
942 ## - АРТИКУЛИ
Вид на библиотечния материал Книги
Скрит в OPAC Не
944 ## - СЪЗДАВАНЕ И РЕДАКЦИЯ на ЗАПИСА
Създаване/Редакция Създаване
Дата на регистрацията/редакция 15.01.2003
Статус, дата на статуса ф /
Служител, извършил регистрацията/редакцията Людмила_Стоянова
944 ## - СЪЗДАВАНЕ И РЕДАКЦИЯ на ЗАПИСА
Създаване/Редакция Редакция
Дата на регистрацията/редакция 10.05.2012
Статус, дата на статуса ф /
Служител, извършил регистрацията/редакцията
999 ## - СИСТЕМНИ КОНТРОЛНИ НОМЕРА
Koha biblionumber 36736
Koha biblioitemnumber 36736
Наличности
Код за отписване Код за изгубен артикул Източник на класификационната схема Код за повреда Коз за рестрикции Код за отдаване Артикулен № Име на библиотеката - собственик Име на библиотеката, в която се намира в момента Статус (Текущо местоположение) Дата на вписване в системата Местоположение - отдел Цена в лева Инвентарен номер Систематично азбучна сигнатура Баркод Номер на екземпляра Цена в евро Служебна бележка Служебен тип на артикула
  Не е изгубен Universal Decimal Classification Не е повреден без рестрикции ползва се в читалня 57791 Регионална библиотека "Любен Каравелов" Русе Регионална библиотека "Любен Каравелов" Русе Читалня - справочен фонд 2001-01-01 Читалня 10.00 660449 СЧ 800/Я 31 120000660449 1 5.11 Дост: Pk Вид: Ф N: стар фонд Дата: 01.01.2000 Дата инв: 27.03.2017 Бележки инв: СЧ2017 Книги
Vip Innovations Ltd, Rousse, Bulgaria 2025